书目信息 |
| 书名: | Death:current perspectives | |
| 作者: | Shneidman. | |
| 分册号: | ||
| 分册名: | 出版地: | Mountain view : |
|
| 出版社: | Mayfield publishing company | |
| 出版时间: | 1980. | |
| 页数: | 489 p. ; | |
| 开本: | 29cm. | |
| 丛书名: | ||
| 中图分类号: | ||
| 科图分类号: | ||
| 其他分类号: | B845.9 | |
| 主题词: | ||
| 电子资源: | ||
| 000 | 00443nam 2200157 a 4500 | |
| 001 | E0256677552 | |
| 005 | 2002011615443701 | |
| 008 | 020116s1980 00010 eng | |
| 020 | @a0-87484-713-3 :@cRMB 12.00. | |
| 040 | @aPFT@beng | |
| 090 | @aB845.9 | |
| 099 | @dB845.9@eS524 | |
| 245 | @aDeath:current perspectives / @cShneidman. | |
| 250 | @aThird edition. | |
| 260 | @aMountain view :@bMayfield publishing company,@c1980. | |
| 300 | @a489 p. ;@c29cm. | |
| Death:current perspectives / / Shneidman.-Third edition.-Mountain view : : Mayfield publishing company, , 1980. |
| 489 p. ; ; 29cm. |
| ISBN 0-87484-713-3 :RMB 12.00. |
| ● |
| 相关链接 |
|
|
|
正题名:Death:current perspectives
索取号:B845.9/S524
 
预约/预借
| 序号 | 登录号 | 条形码 | 馆藏地/架位号 | 状态 | 备注 |
| 1 | 01507 | 300015070 | 社科库509/509社科库 129排2列6层/ [索取号:B845.9/S524] | 在馆 |